Statistiques concernant Joueur ayant le plus de ballon d’or

Cliquez ici pour prendre le quiz!

Statistiques générales

  • Ce quiz a été pris 195 fois
  • Le résultat moyen est 5 sur 10

Statistiques - réponses

HintRéponse% Correct
7Messi
100%
5Ronaldo
99%
3Platini
79%
3Cruyff
59%
3Van basten
50%
2Beckenbauer
35%
2Di stefano
27%
2Ronaldo nazario
16%
2Rummenigge
15%
2Keegan
14%

Distribution des résultats

Percentile par nombre de réponses

% des personnes avec chaque résultat

Votre développement - résultats

Vous n’avez pas pris ce quiz